LEADER 01742nam a2200337 i 4500 001 991000498389707536 008 040301s2003 enka 000 0 eng d 020 $a0521531624 035 $ab12625863-39ule_inst 040 $aDip.to Matematica$beng 082 0 $a516$221 084 $aLC QA446.C48 084 $aAMS 51-06 245 04$aThe changing shape of geometry :$bcelebrating a century of geometry and geometry teaching /$cedited on behalf of the Mathematical Association by Chris Pritchard 260 $aCambridge ; New York :$bCambridge University Press,$c2003 300 $axviii, 541 p. :$bill. ;$c26 cm 440 0$aSpectrum series 504 $aIncludes bibliographical references 505 0 $aPt. 1.: The nature of geometry ; Desert island theorems group A: Greek geometry ; pt. 2.: The history of geometry ; Desert island theorems group B: Elementary Euclidean geometry ; pt. 3.: Pythagoras' theorem ; Desert island theorems group C: Advanced Euclidean geometry ; pt. 4. The golden ratio ; Desert island theorems group D: Non-Euclidean geometry & topology ; pt. 5.: Recreational geometry ; Desert island theorems group E: Geometrical physics ; pt. 6.: The teaching of geometry. 650 0$aGeometry 650 0$aGeometry$xHistory 650 0$aGeometry$vProblems 650 0$aMathematical recreations 700 1 $aPritchard, Chris 710 2 $aMathematical Association of America 907 $a.b12625863$b06-09-12$c01-03-04 912 $a991000498389707536 945 $aLE013 51-XX PRI11 (2003)$g1$i2013000144665$lle013$op$pE38.38$q-$rl$s- $t0$u4$v0$w4$x0$y.i13204142$z17-03-04 996 $aChanging shape of geometry$9277373 997 $aUNISALENTO 998 $ale013$b01-03-04$cm$da $e-$feng$genk$h4$i1 LEADER 01337nam0 22003131i 450 001 UON00006382 005 20231205101913.229 010 $a08-223-1063-5 100 $a20020107d1990 |0itac50 ba 101 $aeng 102 $aGB 105 $a|||| 1|||| 200 1 $aˆThe ‰development of spiritual life in Bosnia under the influence of Turkish rule$fIvo Andric$geditors and translators Zelimir B. Juricic and John F. Loud 210 $a Durham and London$cDuke University Press$d1990 215 $aXXII, 125 p.$d22 cm 606 $aImpero Ottomano$xStoria $xPresenza in Bosnia$3UONC001294$2FI 620 $aGB$dLondon$3UONL003044 620 $aGB$dDurham$3UONL005287 686 $aOTT VII B$cIMPERO OTTOMANO - FILOSOFIA$2A 700 1$aANDRI?$bIvo$3UONV005361$0440622 702 1$aJURICIC$bZelimir B.$3UONV005362 702 1$aLOUD$bJohn F.$3UONV005363 712 $aDuke University Press$3UONV246595$4650 801 $aIT$bSOL$c20250919$gRICA 899 $aSIBA - SISTEMA BIBLIOTECARIO DI ATENEO$2UONSI 912 $aUON00006382 950 $aSIBA - SISTEMA BIBLIOTECARIO DI ATENEO$dSI OTT VII B 001 N $eSI SA 73017 5 001 N 996 $aDevelopment of spiritual life in Bosnia under the influence of turkish rule$9876337 997 $aUNIOR LEADER 01987oam 2200373z- 450 001 9910148586703321 005 20160506101416.0 010 $a1-68144-441-0 035 $a(CKB)3710000000921871 035 $a(EXLCZ)993710000000921871 100 $a20190630c2016uuuu -u- - 101 0 $aeng 135 $aur||||||||||| 200 10$aBramard's case /$fDavid Longo ; translated from the Italian by Silvester Mazzarella 210 $cMacLehose Press 311 $a1-68144-443-7 330 $a"Corso Bramard lives in the mountains not far outside Turin. A former police inspector, he has kept out of the public eye for twenty years following the brutal killings of his wife and daughter. Periodically, the at-large murderer taunts Bramard, sending him letters containing snippets of song lyrics by Leonard Cohen. Bramard keeps them all, and spends his days haunted by twin obsessions: one, to find the man who destroyed his life, and the other, to end his own life altogether. Until the day he receives the killer's latest communication, and everything changes--the murderer may have finally made a mistake, giving Bramard a vital clue about where to begin the hunt. Aided by his former colleagues and by Isa, an unusual cop with a highly unorthodox style, Corso sets out to catch his monster at last"--$cProvided by publisher. 606 $aDetectives$zItaly$zTurin$vFiction 606 $aMurder$zItaly$zTurin$vFiction 606 $aFICTION / Mystery & Detective / Police Procedural$2bisacsh 606 $aFICTION / General$2bisacsh 608 $aMystery fiction.$2gsafd 615 0$aDetectives 615 0$aMurder 615 7$aFICTION / Mystery & Detective / Police Procedural. 615 7$aFICTION / General. 676 $a853/.92 686 $aFIC022020$aFIC000000$2bisacsh 700 $aLongo$b Davide$f1971-$01249148 702 $aMazzarella$b Silvester 906 $aBOOK 912 $a9910148586703321 996 $aBramard's case$92894884 997 $aUNINA